[Event "CHN-chT DivA"]
[Site "Fuling"]
[Date "2023.06.08"]
[Round "4.4"]
[White "Zhang, Zhong"]
[Black "Bai, Jinshi"]
[Result "1/2-1/2"]
[WhiteElo "2589"]
[BlackElo "2550"]
[PlyCount "85"]
[EventDate "2023.06.05"]
[EventType "team-tourn"]
[EventRounds "11"]
[EventCountry "CHN"]
[SourceTitle "CBM 214 Extra"]
[Source "ChessBase"]
[SourceDate "2023.07.31"]
[SourceVersion "1"]
[SourceVersionDate "2023.07.31"]
[SourceQuality "1"]
[WhiteTeam "Shanghai"]
[BlackTeam "Hangzhou Bank"]
[WhiteTeamCountry "CHN"]
[BlackTeamCountry "CHN"]

1. e4 c5 2. Nf3 e6 3. c3 d5 4. exd5 Qxd5 5. d4 Nf6 6. Na3 Nc6 7. Be3 cxd4 8. Nb5 Qd7 9. Nbxd4 Bd6 10. Nb5 Bb8 11. Qxd7+ Bxd7 12. Rd1 a6 13. Nd6+ Bxd6 14. Rxd6 Nd5 15. Bc5 Rc8 16. c4 Ncb4 17. Bxb4 Nxb4 18. Rb6 Nxa2 19. Rxb7 Bc6 20. Rb6 a5 21. Ra6 0-0 22. Rxa5 Ra8 23. Rxa8 Bxa8 24. Nd4 Rd8 25. Nb5 Bc6 26. h4 Bxb5 27. cxb5 Nb4 28. Bc4 Nc2+ 29. Ke2 Nd4+ 30. Ke3 Nf5+ 31. Ke2 Nd4+ 32. Ke3 Nf5+ 33. Kf3 Kf8 34. g4 Nd6 35. Bd3 Rb8 36. b4 Nxb5 37. Bxb5 Rxb5 38. Rb1 Ke7 39. Ke3 h5 40. g5 g6 41. f4 e5 42. Kf3 f6 43. gxf6+ 1/2-1/2

[Event "CHN-chT Div-A Rapid"]
[Site "Fuling"]
[Date "2022.09.19"]
[Round "11.1"]
[White "Zhang, Zhong"]
[Black "Liu, Yan"]
[Result "1/2-1/2"]
[WhiteElo "2617"]
[BlackElo "2530"]
[PlyCount "41"]
[EventDate "2022.09.06"]
[EventType "team-tourn (rapid)"]
[EventRounds "11"]
[EventCountry "CHN"]
[SourceTitle "CBM 210 Extra"]
[Source "ChessBase"]
[SourceDate "2022.11.30"]
[SourceVersion "1"]
[SourceVersionDate "2022.11.30"]
[SourceQuality "1"]
[WhiteTeam "Shanghai"]
[BlackTeam "Chongqing Ticai"]
[WhiteTeamCountry "CHN"]
[BlackTeamCountry "CHN"]

1. g3 Nf6 2. Bg2 g6 3. d4 c5 4. Nf3 Bg7 5. c3 cxd4 6. cxd4 d5 7. Nc3 0-0 8. 0-0 Ne4 9. Ng5 Nf6 10. Nf3 Ne4 11. Ne5 Nxc3 12. bxc3 Nc6 13. Nxc6 bxc6 14. Ba3 Ba6 15. Re1 Re8 16. e4 e6 17. h4 dxe4 18. Bxe4 Qd7 19. Bc5 Bc4 20. Qa4 Bd5 21. Rab1 1/2-1/2

[Event "CHN-chT Div-A Rapid"]
[Site "Fuling"]
[Date "2022.09.18"]
[Round "10.1"]
[White "Xu, Xiangyu"]
[Black "Zhang, Zhong"]
[Result "1-0"]
[WhiteElo "2571"]
[BlackElo "2617"]
[PlyCount "105"]
[EventDate "2022.09.06"]
[EventType "team-tourn (rapid)"]
[EventRounds "11"]
[EventCountry "CHN"]
[SourceTitle "CBM 210 Extra"]
[Source "ChessBase"]
[SourceDate "2022.11.30"]
[SourceVersion "1"]
[SourceVersionDate "2022.11.30"]
[SourceQuality "1"]
[WhiteTeam "Chengdu"]
[BlackTeam "Shanghai"]
[WhiteTeamCountry "CHN"]
[BlackTeamCountry "CHN"]

1. d4 Nf6 2. c4 e6 3. Nc3 Bb4 4. e3 0-0 5. Bd2 d5 6. Nf3 a6 7. a3 Be7 8. b4 dxc4 9. Bxc4 b6 10. 0-0 Bb7 11. Rb1 Nbd7 12. Qe2 Bd6 13. e4 e5 14. Bg5 exd4 15. Nxd4 Qe8 16. Rfe1 b5 17. Bb3 Qe5 18. Nf3 Qxc3 19. Rec1 Nxe4 20. Rb2 Ng3 21. hxg3 Bxf3 22. gxf3 Qe5 23. Bf4 Qf6 24. Bxd6 cxd6 25. Rd2 Rfd8 26. Rc7 Rac8 27. Rxc8 Rxc8 28. Qd1 Rc6 29. Bd5 Rb6 30. Rc2 Rb8 31. Rc6 Ne5 32. Rxa6 g5 33. Kg2 Kg7 34. Qd4 Rc8 35. Rb6 Nc4 36. Qxf6+ Kxf6 37. Rxb5 Nxa3 38. Rb7 Ke5 39. Bxf7 Rc2 40. Ra7 Nc4 41. Bg8 Ne3+ 42. Kg1 Nd1 43. Ra5+ Kf6 44. Bb3 Rc1 45. Kg2 Rb1 46. Bc2 Rc1 47. Bxh7 Nc3 48. b5 Re1 49. b6 Re8 50. Ra3 Nd5 51. b7 Rb8 52. Be4 Ne7 53. Ra8 1-0

[Event "CHN-chT Div-A"]
[Site "Fuling"]
[Date "2022.09.18"]
[Round "10.1"]
[White "Zhang, Zhong"]
[Black "Zhao, Yuanhe"]
[Result "1-0"]
[WhiteElo "2617"]
[BlackElo "2440"]
[PlyCount "77"]
[EventDate "2022.09.06"]
[EventType "team-tourn"]
[EventRounds "11"]
[EventCountry "CHN"]
[SourceTitle "CBM 210 Extra"]
[Source "ChessBase"]
[SourceDate "2022.11.30"]
[SourceVersion "1"]
[SourceVersionDate "2022.11.30"]
[SourceQuality "1"]
[WhiteTeam "Shanghai"]
[BlackTeam "Chengdu"]
[WhiteTeamCountry "CHN"]
[BlackTeamCountry "CHN"]

1. e4 c5 2. Nf3 e6 3. d4 cxd4 4. Nxd4 Nc6 5. Nc3 Qc7 6. Be3 a6 7. g4 b5 8. Nxc6 Qxc6 9. Qd2 Nf6 10. f3 Bb7 11. g5 Nh5 12. Bh3 f5 13. 0-0-0 g6 14. Bd4 Bd6 15. Ne2 Rf8 16. Be3 Be7 17. Nd4 Qc7 18. exf5 gxf5 19. Rhe1 Rc8 20. Kb1 Rf7 21. Rg1 f4 22. Bf2 Bd5 23. Bg4 Ng7 24. h4 Qc4 25. b3 Qc3 26. Qc1 b4 27. Rge1 Kf8 28. Ne2 Qc7 29. Bd4 e5 30. Nxf4 exf4 31. Bxg7+ Rxg7 32. Rxd5 Bc5 33. Qb2 Be3 34. Bxd7 Rxd7 35. Qh8+ Ke7 36. Qxh7+ Ke8 37. Qh8+ Ke7 38. Re5+ Kf7 39. Rf5+ 1-0

[Event "CHN-chT Div-A"]
[Site "Fuling"]
[Date "2022.09.14"]
[Round "7.1"]
[White "Zhang, Di"]
[Black "Zhang, Zhong"]
[Result "1-0"]
[WhiteElo "2108"]
[BlackElo "2617"]
[PlyCount "73"]
[EventDate "2022.09.06"]
[EventType "team-tourn"]
[EventRounds "11"]
[EventCountry "CHN"]
[SourceTitle "CBM 210 Extra"]
[Source "ChessBase"]
[SourceDate "2022.11.30"]
[SourceVersion "1"]
[SourceVersionDate "2022.11.30"]
[SourceQuality "1"]
[WhiteTeam "Beijing"]
[BlackTeam "Shanghai"]
[WhiteTeamCountry "CHN"]
[BlackTeamCountry "CHN"]

1. e4 c5 2. g3 Nc6 3. Bg2 g6 4. c3 Bg7 5. Ne2 e5 6. d3 Nge7 7. Be3 b6 8. d4 exd4 9. cxd4 cxd4 10. Nxd4 Ba6 11. Nc3 0-0 12. Qa4 Nxd4 13. Bxd4 Bxd4 14. Qxd4 Rc8 15. 0-0-0 Nc6 16. Qe3 Bc4 17. Kb1 b5 18. Bf1 Rb8 19. f4 Qe7 20. Bxc4 bxc4 21. Nd5 Qe6 22. Qc3 Qxe4+ 23. Ka1 f6 24. Rhe1 Qf5 25. g4 Qxg4 26. Nxf6+ Rxf6 27. Qxf6 Rf8 28. Qd6 Rf7 29. Qd5 c3 30. bxc3 Qh3 31. Qc4 Kg7 32. f5 g5 33. Rf1 Ne5 34. Qd4 Qxh2 35. Rde1 d6 36. Qxd6 Ng4 37. f6+ 1-0

[Event "CHN-chT Div-A"]
[Site "Fuling"]
[Date "2022.09.08"]
[Round "3.1"]
[White "Xu, Jun"]
[Black "Zhang, Zhong"]
[Result "1/2-1/2"]
[WhiteElo "2474"]
[BlackElo "2617"]
[PlyCount "84"]
[EventDate "2022.09.06"]
[EventType "team-tourn"]
[EventRounds "11"]
[EventCountry "CHN"]
[SourceTitle "CBM 210 Extra"]
[Source "ChessBase"]
[SourceDate "2022.11.30"]
[SourceVersion "1"]
[SourceVersionDate "2022.11.30"]
[SourceQuality "1"]
[WhiteTeam "Jiangsu"]
[BlackTeam "Shanghai"]
[WhiteTeamCountry "CHN"]
[BlackTeamCountry "CHN"]

1. d4 Nf6 2. Nf3 e6 3. c4 b6 4. g3 Ba6 5. Qa4 Bb7 6. Bg2 c5 7. dxc5 bxc5 8. 0-0 Be7 9. Nc3 0-0 10. Rd1 d6 11. Bf4 Qb6 12. Rab1 Nbd7 13. b4 Bc6 14. b5 Bb7 15. Qc2 Rfd8 16. h3 h6 17. e4 e5 18. Be3 Nf8 19. Nd5 Nxd5 20. cxd5 a6 21. a4 axb5 22. axb5 Nd7 23. Nd2 Qc7 24. Ra1 Nb6 25. Nb3 Rxa1 26. Rxa1 Ra8 27. Rxa8+ Nxa8 28. Bd2 Qd7 29. Bf1 Bd8 30. Na5 Bxa5 31. Bc3 Bb4 32. Bxb4 Nc7 33. Ba5 Ne8 34. Qb3 Nf6 35. b6 Qc8 36. Qa4 c4 37. Qxc4 Qxc4 38. Bxc4 Nxe4 39. Bb4 Nf6 40. Bxd6 Nxd5 41. Bc5 h5 42. Kf1 f5 1/2-1/2

[Event "CHN-chT Div-A Rapid"]
[Site "Fuling"]
[Date "2022.09.08"]
[Round "3.1"]
[White "Zhang, Zhong"]
[Black "Chen, Qi B"]
[Result "1/2-1/2"]
[WhiteElo "2617"]
[BlackElo "2485"]
[PlyCount "186"]
[EventDate "2022.09.06"]
[EventType "team-tourn (rapid)"]
[EventRounds "11"]
[EventCountry "CHN"]
[SourceTitle "CBM 210 Extra"]
[Source "ChessBase"]
[SourceDate "2022.11.30"]
[SourceVersion "1"]
[SourceVersionDate "2022.11.30"]
[SourceQuality "1"]
[WhiteTeam "Shanghai"]
[BlackTeam "Jiangsu"]
[WhiteTeamCountry "CHN"]
[BlackTeamCountry "CHN"]

1. d4 Nf6 2. Nc3 d5 3. Bf4 a6 4. e3 e6 5. g4 Bd6 6. g5 Nfd7 7. Qf3 Qe7 8. 0-0-0 c5 9. Nge2 cxd4 10. Nxd4 g6 11. h4 Nc6 12. h5 Nxd4 13. exd4 Rf8 14. Bd3 Nb6 15. hxg6 Bxf4+ 16. Qxf4 fxg6 17. Qe5 Kd7 18. f4 Kc6 19. Rh3 Rf7 20. Rdh1 Nd7 21. Qe3 Nf8 22. Rh4 Bd7 23. Ne2 Kb6 24. Ng1 Qd6 25. c3 Bb5 26. Bc2 Rc8 27. Nf3 Rfc7 28. Kb1 Ka7 29. Ne5 Ka8 30. Ng4 Rf7 31. Nh6 Rg7 32. Qe5 Qe7 33. Re1 Qd7 34. Qf6 Re7 35. Qe5 Qd8 36. Rh3 Qb6 37. Qe3 Rec7 38. Qd2 Qd6 39. Ng4 Ka7 40. Nf6 Rf7 41. Rh6 Rcc7 42. Qe3 Qb6 43. Reh1 Rce7 44. R1h3 Rc7 45. Bb3 Bc6 46. Qe5 Bb5 47. Re3 Bc4 48. Kc2 Qb5 49. Rh1 a5 50. Qd6 a4 51. Qa3 Bxb3+ 52. axb3 Qxb3+ 53. Qxb3 axb3+ 54. Kxb3 Rc6 55. Rh6 Kb6 56. Reh3 Rcc7 57. Kc2 Kc6 58. Rh1 b6 59. Ra1 Kb7 60. Kd3 Rce7 61. Ke3 Nd7 62. Ng4 Re8 63. Rah1 Ree7 64. R6h2 Kc6 65. b3 Kb5 66. Ra1 Rf8 67. Ra4 Ref7 68. Rf2 Rc8 69. Rb4+ Kc6 70. Ra4 Kb5 71. Kd3 Rcf8 72. Ke3 Rc8 73. Rb4+ Kc6 74. Nh6 Rff8 75. Ra4 Kb5 76. Kd3 Rc7 77. Rb4+ Kc6 78. c4 Ra7 79. Re2 Kd6 80. Ke3 Ra3 81. Rb2 Ra1 82. Ng4 Re1+ 83. Kf3 Re4 84. c5+ bxc5 85. dxc5+ Nxc5 86. Rxe4 Nxe4 87. Ke3 Rb8 88. b4 Rc8 89. b5 Rc3+ 90. Kd4 Rc4+ 91. Ke3 Rc3+ 92. Kd4 Rc4+ 93. Ke3 Rc3+ 1/2-1/2

[Event "CHN-ch Rapid"]
[Site "Shaoxing"]
[Date "2022.08.26"]
[Round "4"]
[White "Zhang, Zhong"]
[Black "Xu, Xiangyu"]
[Result "1/2-1/2"]
[WhiteElo "2475"]
[BlackElo "2527"]
[PlyCount "53"]
[EventDate "2022.08.25"]
[EventType "swiss (rapid)"]
[EventRounds "10"]
[EventCountry "CHN"]
[SourceTitle "CBM 210 Extra"]
[Source "ChessBase"]
[SourceDate "2022.11.30"]
[SourceVersion "1"]
[SourceVersionDate "2022.11.30"]
[SourceQuality "1"]

1. e4 c5 2. Nf3 d6 3. d4 cxd4 4. Nxd4 Nf6 5. Nc3 a6 6. Bg5 e6 7. Qf3 Nbd7 8. 0-0-0 Qc7 9. Qg3 b5 10. a3 Rb8 11. Bd2 Nc5 12. f3 b4 13. Ndb5 axb5 14. axb4 Ncd7 15. Nxb5 Qc6 16. Nd4 Qa4 17. c3 Nc5 18. Bc4 Ba6 19. Bxa6 Qxa6 20. bxc5 Qa1+ 21. Kc2 Rb7 22. Kd3 Rxb2 23. c4 Qa3+ 24. Ke2 Qxc5 25. Qf2 Qxc4+ 26. Ke1 d5 27. Rc1 1/2-1/2

[Event "Asian-chT Prel2"]
[Site "Hangzhou"]
[Date "2022.04.22"]
[Round "8"]
[White "Bu, Xiangzhi"]
[Black "Zhang, Zhong"]
[Result "1-0"]
[WhiteElo "2708"]
[BlackElo "2640"]
[PlyCount "83"]
[EventDate "2022.04.14"]
[EventType "tourn"]
[EventRounds "10"]
[EventCountry "CHN"]
[EventCategory "18"]
[SourceTitle "CBM 207 Extra"]
[Source "ChessBase"]
[SourceDate "2022.05.31"]
[SourceVersion "1"]
[SourceVersionDate "2022.05.31"]
[SourceQuality "1"]

1. d4 d5 2. c4 dxc4 3. e4 b5 4. a4 c6 5. Nc3 b4 6. Na2 Nf6 7. e5 Nd5 8. Bxc4 e6 9. Nf3 Be7 10. Bd2 a5 11. Nc1 Nd7 12. Nb3 Bb7 13. 0-0 c5 14. dxc5 0-0 15. Bd3 Rc8 16. Rc1 Bc6 17. Nbd4 g6 18. Bh6 Re8 19. Nxc6 Rxc6 20. Bb5 Rxc5 21. Nd4 Qc7 22. Nb3 Rxc1 23. Qxc1 Rc8 24. Qxc7 Rxc7 25. Bxd7 Rxd7 26. Nxa5 f5 27. Nc6 Bc5 28. Rc1 Nc7 29. Kf1 Na6 30. Nb8 Nxb8 31. Rxc5 Kf7 32. Ke2 Rd5 33. Be3 Rd7 34. f4 Rb7 35. Rb5 Rxb5 36. axb5 Ke8 37. Kd3 Kd8 38. Kc4 Kc7 39. Kxb4 Nd7 40. Ka5 Kb7 41. b6 g5 42. g3 1-0

[Event "Asian-chT Prel2"]
[Site "Hangzhou"]
[Date "2022.04.21"]
[Round "7"]
[White "Zhang, Zhong"]
[Black "Ma, Qun"]
[Result "0-1"]
[WhiteElo "2640"]
[BlackElo "2645"]
[PlyCount "126"]
[EventDate "2022.04.14"]
[EventType "tourn"]
[EventRounds "10"]
[EventCountry "CHN"]
[EventCategory "18"]
[SourceTitle "CBM 207 Extra"]
[Source "ChessBase"]
[SourceDate "2022.05.31"]
[SourceVersion "1"]
[SourceVersionDate "2022.05.31"]
[SourceQuality "1"]

1. Nf3 Nf6 2. g3 b5 3. Bg2 Bb7 4. d3 e6 5. 0-0 d6 6. e4 c5 7. Ng5 h6 8. Nh3 Nc6 9. f4 Be7 10. Be3 Qc7 11. c3 h5 12. Nf2 d5 13. Na3 a6 14. Nc2 h4 15. g4 h3 16. Bf3 dxe4 17. dxe4 g5 18. fxg5 Nh7 19. g6 fxg6 20. a4 bxa4 21. Qe2 Ng5 22. Bxg5 Bxg5 23. e5 0-0-0 24. Ne4 Be7 25. Nd6+ Bxd6 26. exd6 Rxd6 27. Na3 Na5 28. Rf2 Bxf3 29. Qxf3 Qc6 30. Qg3 Qd7 31. Raf1 Rd1 32. Qe5 Rxf1+ 33. Rxf1 Rd8 34. Qxc5+ Qc6 35. Qxc6+ Nxc6 36. Nc4 a3 37. bxa3 Rd3 38. Rf8+ Kd7 39. Rf7+ Kd8 40. Rf8+ Ke7 41. Rc8 Kd7 42. Nb6+ Kd6 43. Na4 Rf3 44. g5 Ne5 45. Rd8+ Ke7 46. Rb8 Nd3 47. Rb1 Rf2 48. Rd1 Rg2+ 49. Kf1 Ne5 50. Nb6 Rxg5 51. Nc8+ Kf6 52. Nd6 Rg2 53. Rd2 Rxd2 54. Ne4+ Kf5 55. Nxd2 Kf4 56. Ke2 g5 57. c4 g4 58. Kf2 a5 59. a4 Nd3+ 60. Ke2 Nc5 61. Kf2 e5 62. Nf1 Nxa4 63. Ne3 Nc3 0-1

[Event "Asian-chT Prel2"]
[Site "Hangzhou"]
[Date "2022.04.16"]
[Round "3"]
[White "Zhang, Zhong"]
[Black "Bu, Xiangzhi"]
[Result "1/2-1/2"]
[WhiteElo "2640"]
[BlackElo "2708"]
[PlyCount "62"]
[EventDate "2022.04.14"]
[EventType "tourn"]
[EventRounds "10"]
[EventCountry "CHN"]
[EventCategory "18"]
[SourceTitle "CBM 207 Extra"]
[Source "ChessBase"]
[SourceDate "2022.05.31"]
[SourceVersion "1"]
[SourceVersionDate "2022.05.31"]
[SourceQuality "1"]

1. e4 e5 2. Nf3 Nc6 3. Bb5 a6 4. Ba4 Nf6 5. 0-0 Bc5 6. c3 b5 7. Bc2 d5 8. d4 dxe4 9. Nbd2 exf3 10. Qxf3 Be7 11. Qxc6+ Bd7 12. Qf3 exd4 13. Ne4 0-0 14. Rd1 c5 15. Bg5 Re8 16. Bxf6 Bxf6 17. Nxc5 Bc6 18. Qxc6 Rc8 19. Qxa6 Rxc5 20. g3 Qc8 21. Qxc8 Rexc8 22. Bb3 dxc3 23. bxc3 Rxc3 24. Rab1 R8c7 25. Rd5 b4 26. Rbd1 Rc1 27. Rxc1 Rxc1+ 28. Kg2 Rc7 29. Rb5 Be7 30. Rb8+ Bf8 31. f4 g6 1/2-1/2

[Event "Asian-chT Prel"]
[Site "Hangzhou"]
[Date "2022.04.10"]
[Round "5"]
[White "Zhang, Zhong"]
[Black "Xu, Xiangyu"]
[Result "1/2-1/2"]
[WhiteElo "2640"]
[BlackElo "2564"]
[PlyCount "60"]
[EventDate "2022.04.05"]
[EventType "tourn"]
[EventRounds "5"]
[EventCountry "CHN"]
[EventCategory "15"]
[SourceTitle "CBM 207 Extra"]
[Source "ChessBase"]
[SourceDate "2022.05.31"]
[SourceVersion "1"]
[SourceVersionDate "2022.05.31"]
[SourceQuality "1"]

1. e4 c5 2. Nf3 d6 3. c3 Nf6 4. Bd3 Nc6 5. Bc2 Bg4 6. d3 e5 7. Nbd2 Be7 8. h3 Bh5 9. Nf1 Bg6 10. Ng3 Rc8 11. 0-0 0-0 12. Nh4 Ne8 13. Nhf5 Bg5 14. Bb3 Na5 15. Bxg5 Qxg5 16. Bd5 Bxf5 17. Nxf5 g6 18. Ne3 Nc6 19. a3 Nc7 20. b4 Kg7 21. Qg4 Qxg4 22. hxg4 Nxd5 23. Nxd5 Rfe8 24. b5 Ne7 25. Nxe7 Rxe7 26. c4 Rh8 27. g3 h5 28. gxh5 Rxh5 29. Kg2 Re8 30. Rh1 Rxh1 1/2-1/2

[Event "Asian-chT Prel"]
[Site "Hangzhou"]
[Date "2022.04.08"]
[Round "3"]
[White "Zhang, Zhong"]
[Black "Li, Di"]
[Result "1-0"]
[WhiteElo "2640"]
[BlackElo "2579"]
[PlyCount "85"]
[EventDate "2022.04.05"]
[EventType "tourn"]
[EventRounds "5"]
[EventCountry "CHN"]
[EventCategory "15"]
[SourceTitle "CBM 207 Extra"]
[Source "ChessBase"]
[SourceDate "2022.05.31"]
[SourceVersion "1"]
[SourceVersionDate "2022.05.31"]
[SourceQuality "1"]

1. e4 c5 2. Nf3 Nc6 3. Bb5 e6 4. 0-0 Nge7 5. b3 Rg8 6. d4 cxd4 7. Bb2 g5 8. Nxd4 Ng6 9. Nd2 Qc7 10. Re1 Nce5 11. Bf1 Bc5 12. a3 a6 13. b4 Ba7 14. c4 d6 15. Rc1 Bd7 16. a4 g4 17. a5 h5 18. N2b3 Rd8 19. Nb5 Bxb5 20. cxb5 Qe7 21. b6 Bb8 22. Nd4 d5 23. exd5 Qxb4 24. Bc3 Qd6 25. Qa4+ Qd7 26. Nb5 exd5 27. Bxe5 Nxe5 28. Rc7 Bxc7 29. bxc7 f6 30. Qb4 Qe7 31. cxd8Q+ Kxd8 32. Nd6 Kd7 33. Qxb7+ Ke6 34. Qxe7+ Kxe7 35. Nb7 Rc8 36. Bxa6 Rc2 37. Ra1 Rc7 38. Kf1 d4 39. Ke1 Ke6 40. Nd8+ Kd7 41. Bb7 Rc2 42. a6 Nd3+ 43. Kf1 1-0

[Event "Asian-chT Prel"]
[Site "Hangzhou"]
[Date "2022.04.06"]
[Round "2"]
[White "Bai, Jinshi"]
[Black "Zhang, Zhong"]
[Result "0-1"]
[WhiteElo "2593"]
[BlackElo "2640"]
[PlyCount "86"]
[EventDate "2022.04.05"]
[EventType "tourn"]
[EventRounds "5"]
[EventCountry "CHN"]
[EventCategory "15"]
[SourceTitle "CBM 207 Extra"]
[Source "ChessBase"]
[SourceDate "2022.05.31"]
[SourceVersion "1"]
[SourceVersionDate "2022.05.31"]
[SourceQuality "1"]

1. d4 d5 2. c4 dxc4 3. e4 b5 4. a4 c6 5. Nc3 b4 6. Nb1 Ba6 7. Qc2 Qxd4 8. Nf3 Qd7 9. Nbd2 c3 10. bxc3 Bxf1 11. Kxf1 e6 12. g4 Na6 13. Kg2 Rd8 14. Nc4 Qd3 15. Qxd3 Rxd3 16. cxb4 Nxb4 17. Nfe5 Rd4 18. Be3 Rxe4 19. f3 Rxe3 20. Nxe3 f6 21. N5c4 Ne7 22. Nd6+ Kd7 23. Rab1 c5 24. Ne4 Ned5 25. Nc4 Be7 26. Rhc1 Rc8 27. h4 e5 28. Kg3 Ke6 29. h5 Nf4 30. Nc3 Rd8 31. Rd1 Rd4 32. Ne3 g6 33. hxg6 hxg6 34. Nb5 a6 35. Nxd4+ cxd4 36. Rxb4 Bxb4 37. Ng2 Ne2+ 38. Kf2 Nc3 39. Rh1 Nxa4 40. Rh6 Nb2 41. Rxg6 d3 42. Ne3 Bc5 43. g5 d2 0-1

[Event "FIDE Chess.com Grand Swiss"]
[Site "Douglas"]
[Date "2019.10.14"]
[Round "5"]
[White "Zhang, Zhong"]
[Black "Baron, Tal"]
[Result "1-0"]
[WhiteElo "2636"]
[BlackElo "2531"]
[PlyCount "75"]
[EventDate "2019.10.10"]
[EventType "swiss"]
[EventRounds "11"]
[EventCountry "IOM"]
[SourceTitle "CBM 193"]
[Source "ChessBase"]
[SourceDate "2019.12.31"]
[SourceVersion "1"]
[SourceVersionDate "2019.12.31"]
[SourceQuality "1"]

1. Nf3 Nf6 2. c4 c5 3. Nc3 d5 4. cxd5 Nxd5 5. e3 e6 6. Nxd5 exd5 7. b4 cxb4 8. Bb2 Nc6 9. Nd4 h5 10. Rc1 Rh6 11. Be2 Qa5 12. Nb3 Qa4 13. 0-0 Bf5 14. Ra1 h4 15. Bg4 Bd3 16. Re1 f5 17. Be2 Qa6 18. Bh5+ g6 19. Bf3 0-0-0 20. Bf6 Rd7 21. Qc1 Qc4 22. Qb2 Qc2 23. Qxc2 Bxc2 24. Rec1 Bxb3 25. axb3 Kb8 26. h3 Rhh7 27. Kf1 Be7 28. Bxe7 Rhxe7 29. Rc5 Ne5 30. Bxd5 Nd3 31. Rb5 a6 32. Rxa6 Nc5 33. Rxg6 Rxd5 34. d4 Rxd4 35. exd4 Nd3 36. g3 f4 37. Rg8+ Kc7 38. gxf4 1-0

[Event "FIDE Chess.com Grand Swiss"]
[Site "Douglas"]
[Date "2019.10.11"]
[Round "2"]
[White "Sebag, Marie"]
[Black "Zhang, Zhong"]
[Result "1-0"]
[WhiteElo "2445"]
[BlackElo "2636"]
[PlyCount "79"]
[EventDate "2019.10.10"]
[EventType "swiss"]
[EventRounds "11"]
[EventCountry "IOM"]
[SourceTitle "CBM 193"]
[Source "ChessBase"]
[SourceDate "2019.12.31"]
[SourceVersion "1"]
[SourceVersionDate "2019.12.31"]
[SourceQuality "1"]

1. e4 c5 2. Nf3 Nc6 3. Bb5 g6 4. Bxc6 bxc6 5. d4 cxd4 6. Qxd4 f6 7. c4 d6 8. 0-0 c5 9. Qd3 Nh6 10. Nh4 g5 11. Nf3 Nf7 12. Qc3 Rg8 13. Nbd2 Bh6 14. Nb3 a5 15. Be3 Qb6 16. Rfe1 Bb7 17. Nbd2 Qc6 18. Qd3 Bg7 19. Red1 h5 20. Rab1 h4 21. h3 Bf8 22. Nh2 f5 23. f3 Ne5 24. Qe2 f4 25. Bf2 Bg7 26. Ng4 Qa4 27. Nxe5 Bxe5 28. Nf1 Qxa2 29. Nh2 Bc8 30. Qd3 Be6 31. Ng4 Bh8 32. e5 Qxc4 33. Qxc4 Bxc4 34. exd6 e6 35. d7+ Kd8 36. Nh6 Rg7 37. Bxc5 Rxd7 38. Nf7+ Kc7 39. Nxh8 Bd3 40. Rbc1 1-0

[Event "Dubai op 19th"]
[Site "Dubai"]
[Date "2017.04.06"]
[Round "4"]
[White "Gomes, Mary Ann"]
[Black "Zhang, Zhong"]
[Result "0-1"]
[WhiteElo "2316"]
[BlackElo "2641"]
[PlyCount "78"]
[EventDate "2017.04.03"]
[EventType "swiss"]
[EventRounds "9"]
[EventCountry "UAE"]
[SourceTitle "CBM 177 Extra"]
[Source "ChessBase"]
[SourceDate "2017.04.27"]
[SourceVersion "1"]
[SourceVersionDate "2017.04.27"]
[SourceQuality "1"]

1. c4 Nf6 2. Nf3 e6 3. g3 d5 4. Bg2 d4 5. 0-0 c5 6. e3 Nc6 7. exd4 cxd4 8. d3 Bd6 9. a3 a5 10. Re1 h6 11. Nbd2 0-0 12. Qc2 e5 13. c5 Bc7 14. Nc4 Re8 15. Nfd2 Bf5 16. Rb1 Re6 17. h3 Qd7 18. Nb6 Bxb6 19. cxb6 Rc8 20. Qb3 a4 21. Qb5 Nd8 22. Qxd7 Nxd7 23. Ne4 Nc5 24. Bf1 Nb3 25. Nd2 Nc5 26. Ne4 Bxe4 27. dxe4 Rxb6 28. Bd2 Nb3 29. Red1 Nxd2 30. Rxd2 Ne6 31. f4 Rb3 32. fxe5 Rxg3+ 33. Kf2 Rb3 34. h4 Rc5 35. Bg2 Rxe5 36. Rc1 g6 37. Rc4 b5 38. Rc8+ Kg7 39. Bf1 Rxe4 0-1

[Event "Dubai op 19th"]
[Site "Dubai"]
[Date "2017.04.03"]
[Round "1"]
[White "Zhang, Zhong"]
[Black "Makropoulou, Marina"]
[Result "1-0"]
[WhiteElo "2641"]
[BlackElo "2144"]
[PlyCount "113"]
[EventDate "2017.04.03"]
[EventType "swiss"]
[EventRounds "9"]
[EventCountry "UAE"]
[SourceTitle "CBM 177 Extra"]
[Source "ChessBase"]
[SourceDate "2017.04.27"]
[SourceVersion "1"]
[SourceVersionDate "2017.04.27"]
[SourceQuality "1"]

1. Nf3 Nf6 2. g3 c5 3. Bg2 Nc6 4. d4 e6 5. 0-0 d5 6. c4 dxc4 7. Qa4 Bd7 8. Qxc4 cxd4 9. Nxd4 Rc8 10. Nc3 a6 11. Rd1 Nxd4 12. Qxd4 Bc5 13. Qh4 b5 14. Bg5 Be7 15. Ne4 Nxe4 16. Bxe7 Qxe7 17. Qxe4 0-0 18. Qb7 Rfd8 19. Qxa6 Be8 20. Qa5 h6 21. Bf3 g6 22. a3 h5 23. h4 Kg7 24. Rd2 Rxd2 25. Qxd2 Rd8 26. Qc3+ Qf6 27. Rc1 e5 28. Bg2 Rd4 29. e3 Rd6 30. Qb4 Bd7 31. b3 Bg4 32. a4 bxa4 33. bxa4 Rb6 34. Qc3 Be2 35. a5 Rd6 36. Qb2 Ba6 37. Be4 Bd3 38. Bxd3 Rxd3 39. Ra1 Rd6 40. e4 Ra6 41. Qb5 Qd6 42. Kg2 Kh7 43. Ra2 Qf6 44. Ra3 Kg7 45. Rf3 Qe6 46. Rc3 Qf6 47. Rc8 Re6 48. Re8 Rxe8 49. Qxe8 Qd6 50. Qb5 Qd4 51. Qc6 g5 52. hxg5 h4 53. Qh6+ Kg8 54. Qxh4 Qa4 55. g6 fxg6 56. Qd8+ Kh7 57. Qe7+ 1-0

[Event "Wch Blitz"]
[Site "Doha"]
[Date "2016.12.30"]
[Round "15"]
[White "Zhigalko, Sergei"]
[Black "Zhang, Zhong"]
[Result "1-0"]
[WhiteElo "2671"]
[BlackElo "2645"]
[PlyCount "133"]
[EventDate "2016.12.29"]
[EventType "swiss (blitz)"]
[EventRounds "21"]
[EventCountry "QAT"]
[SourceTitle "CBM 176 Extra"]
[Source "ChessBase"]
[SourceDate "2017.03.02"]
[SourceVersion "1"]
[SourceVersionDate "2017.03.02"]
[SourceQuality "1"]

1. e4 e5 2. Nf3 Nc6 3. Bc4 Bc5 4. 0-0 Nf6 5. d3 d6 6. c3 Bb6 7. Nbd2 0-0 8. Bb3 h6 9. Re1 Re8 10. Nc4 Be6 11. Bc2 Bxc4 12. dxc4 Ne7 13. Nh4 Qd7 14. h3 Qe6 15. Qf3 Nd7 16. Qg3 Qf6 17. Bd2 Nc5 18. Rad1 Ne6 19. Nf5 Qg6 20. Qh4 Ng5 21. Kh1 Qf6 22. Rf1 Nxf5 23. exf5 Nh7 24. Qe4 c6 25. Qg4 Rad8 26. Bc1 Kh8 27. b4 Qe7 28. a4 a5 29. Qg3 Nf6 30. Bb3 Ne4 31. Qf3 Nf6 32. Rfe1 Qc7 33. Re2 axb4 34. cxb4 Bd4 35. Rde1 d5 36. cxd5 cxd5 37. Qd3 Qb6 38. Qd2 Ne4 39. Rxe4 dxe4 40. a5 Qa7 41. Rf1 Bc5 42. Qe2 Bxb4 43. Bxf7 Rf8 44. Qh5 Qa6 45. Rg1 Qf6 46. Bg6 Kg8 47. Qg4 Bc5 48. Qxe4 Bxf2 49. Rf1 Bd4 50. Qxb7 Qxg6 51. fxg6 Rxf1+ 52. Kh2 Rxc1 53. a6 Ra1 54. h4 Rf8 55. h5 Kh8 56. g3 Kg8 57. Kh3 Kh8 58. Kg4 Ra4 59. Kh3 Rg8 60. Qc6 Ra3 61. Kg2 Rb8 62. Qd6 Ra2+ 63. Kh3 Rg8 64. Qe6 Ra8 65. Qxa2 Ba7 66. Qd5 Re8 67. Qd7 1-0